Statistics for 🍐 Top 20 Pear producing countries

Click here to take the quiz!

General Stats

  • This quiz has been taken 174 times
  • The average score is 13 of 20

Answer Stats

AnswerTonnes% Correct
China17,000,000
97%
United States661,340
97%
France119,830
90%
India300,000
89%
Spain330,670
88%
Italy429,290
86%
Japan238,600
77%
Turkey530,723
74%
Iran106,785
69%
Portugal153,300
69%
Argentina595,427
67%
Chile250,240
62%
South Korea200,732
55%
South Africa407,212
53%
Ukraine155,300
53%
Netherlands373,000
40%
Algeria223,467
37%
Belgium332,220
34%
Uzbekistan101,858
24%
North Korea147,776
19%

Score Distribution

Percentile by Number Answered

Percent of People with Each Score

Your Score History

You have not taken this quiz